000 00952nam a2200265 i 4500
001 bg
245 0 0 _aInstytucje prawne dyrektywy kapitałowej.
_n[Cz.1] /
_cpod red. Mirosława Cejmera, Jacka Napierały, Tomasza Sójki ; aut. Mirosław Cejmer [et al.].
260 _aKraków :
_bZakamycze,
_c2004.
300 _a369 s. ;
_c22 cm.
490 1 _aEuropejskie Prawo Spółek ;
_vt. 1
650 9 _aSpółki
_xprawo wspólnotowe europejskie
_ystan na 2004 r.
700 1 _aCejmer, Mirosław.
_eRed.
700 1 _aNapierała, Jacek.
_eRed.
700 1 _aSójka, Tomasz.
_eRed.
830 _aEuropejskie Prawo Spółek ;
015 _aPB 17121/2005
020 _a8373333959
040 _cBPK
041 _apol
080 _a347.7(4-67)
920 _a83-7333-395-9
942 _cKS
008 s pl f |000 0 pol
999 _c51134
_d51134
856 _uhttp://koha.tu.koszalin.pl/cgi-bin/koha/opac-detail.pl?biblionumber=51134
_yKatalog online BPK